000 00279nam a22001097a 4500
999 _c168282
_d168282
082 _a
_b
100 _aPrabhakaran hebbar Illaath
245 _aSamskriti bhasha aur sahithya/
_cby Prabhakaran hebbar Illaath.
260 _aMathura,
_bJawahar,
_c2009.
650 _a
942 _cBK